Ocurrencias : (Record no. 23187)

000 -CABECERA
fixed length control field 00859nam a22002057i 4500
003 - IDENTIFICADOR DEL NÚMERO DE CONTROL
control field AR-CdUCM
008 - DATOS DE LONGITUD FIJA--INFORMACIÓN GENERAL
fixed length control field 250122b20242024 pe||||| |||| 00| 0 spa d
020 ## - NÚMERO INTERNACIONAL ESTÁNDAR DEL LIBRO
ISBN 978-612-00-9705-2
040 ## - FUENTE DE LA CATALOGACIÓN
Agencia/entidad que catalogó originalmente la obra MUNICIPALIDAD PROVINCIAL DEL CUSCO
Entidad que transcribió la catalogación BIBLIOTECA MUNICIPAL DEL CUSCO
082 ## - NÚMERO DE LA CLASIFICACIÓN DECIMAL DEWEY
No. de Clasificación 869.56 / H84O
Notacion interna H84O
100 ## - ENTRADA PRINCIPAL--NOMBRE DE PERSONA
Nombre Personal Huayta Salhua, Florencio
245 ## - MENCIÓN DE TÍTULO
Título Ocurrencias :
Resto del título Da mucho gusto volver a recordar, las tanta ocurrencias anecdóticas en la vida.
260 ## - PUBLICACIÓN, DISTRIBUCIÓN, ETC.
Lugar de publicación, distribución, etc. Sicuani-Cusco :
Nombre de la editorial, distribuidor, etc. Autor-Editor
Fecha de publicación, distribución, etc. 2024
300 ## - DESCRIPCIÓN FÍSICA
Nº de Páginas Extensión 164 páginas. :
Dimensiones 21x15 cm.
500 ## - NOTA GENERAL
Bibliografía Bibliografía: páginas 181-182
505 ## - NOTA DE CONTENIDO CON FORMATO
Nota de contenido formateada Una cría muerta -- Es fácil inyectar -- La muerte del caballo blanco -- Los once sargentos -- El otro zapato -- La cobardía de uno -- Falso orgullo -- no se regala lo ajeno
942 ## - ELEMENTOS DE PUNTO DE ACCESO ADICIONAL (KOHA)
Fuente de clasificación
Tipo de item Libros-BMC
945 ## - PROCESAMIENTO DE INFORMACIÓN LOCAL (OCLC)
Catalogador pbjr
AAAA-MM-DD - Fecha de ingreso o modificacion 22-01-2025
Holdings
Estado de retiro (separado) Fuente de clasificación o esquema de estanterías Estado dañado Ubicación Sala donde se ubica Nombre de la colección Fecha de adquisición o compra Fuente de adquisición Costo, precio normal en soles Signatura topográfica Código de Barras Última vez visto (Koha) Tipo de ítem (Koha)
No     Sala Humanidades Sala Humanidades Book Cart 2025-01-22 Depósito legal 15.00 869.56 / H84O SH0000016897 2025-01-22 Libros-BMC

Powered by Koha